Statistics for American Weights and Measures

Click here to take the quiz!

General Stats

  • This quiz has been taken 65 times
  • The average score is 14 of 30

Answer Stats

Measures% Correct
{3} tsp. = 1 tablespoon
92%
{4} quarts = 1 gallon
92%
{16} ounces = 1 pint
85%
{2} pints = 1 quart
85%
{32} ounces = 1 quart
83%
{8} ounces = 1 cup
83%
{16} ounces = 1 pound
81%
{128} ounces = 1 gallon
79%
{3} feet = 1 yard
77%
{12} inches = 1 foot
75%
{144} square inches = 1 square foot
71%
{2000} pounds = 1 short ton
60%
{100} pounds = 1 hundredweight
56%
{5280} feet = 1 mile
56%
{1.5} ounces = 1 jigger
54%
{4} ounces = 1 gill
52%
{6} feet = 1 fathom
46%
{3} miles = 1 league
33%
{16} drams = 1 ounce
23%
{4} rods = 1 chain
23%
{6} picas = 1 inch
17%
{12} points = 1 pica
15%
{8} furlongs = 1 statute mile
15%
{10} chains = 1 furlong
10%
{36} sections = 1 township
10%
{10} square chains = 1 acre
8%
{640} acres = 1 square mile / section
8%
{2240} pounds = 1 long ton
6%
{16.5} feet = 1 rod
0%
{31.5} gallons = 1 barrel
0%

Score Distribution

Percentile by Number Answered

Percent of People with Each Score

Your Score History

You have not taken this quiz